Artificial intelligence / (Record no. 19019)

MARC details
000 -LEADER
fixed length control field 00992nam a22002778a 4500
005 - DATE AND TIME OF LATEST TRANSACTION
control field 20081024151836.0
008 - FIXED-LENGTH DATA ELEMENTS--GENERAL INFORMATION
fixed length control field 080626s2008 cau 000 0 eng
010 ## - LCCN (DPL NO)
LC control number ENG-91769
020 ## - INTERNATIONAL STANDARD BOOK NUMBER
International Standard Book Number 9780070087705
Terms of availability 299.00
020 ## - INTERNATIONAL STANDARD BOOK NUMBER
International Standard Book Number 0070087709
Terms of availability 299.00
035 ## - SYSTEM CONTROL NUMBER
System control number EN-75302
037 ## - SOURCE OF ACQUISITION
Source of stock number/acquisition DBAD / PUb
040 ## - CATALOGING SOURCE
Original cataloging agency dpl
Language of cataloging English
082 ## - DEWEY DECIMAL CLASSIFICATION NUMBER
Classification number 006.3
100 ## - MAIN ENTRY--PERSONAL NAME
Personal name Rich, Elaine
245 ## - TITLE STATEMENT
Title Artificial intelligence /
Statement of responsibility, etc by Elaine Rich, Kevin Knight [and] Shivashankar B. Nair
250 ## - EDITION STATEMENT
Edition statement 3rd ed
260 ## - PUBLICATION, DISTRIBUTION, ETC. (IMPRINT)
Place of publication, distribution, etc New Delhi
Name of publisher, distributor, etc Tata McGraw-Hill,
Date of publication, distribution, etc 2009
300 ## - PHYSICAL DESCRIPTION
Extent xviii, 568p.
Dimensions 25cm (pbk)
500 ## - GENERAL NOTE
General note Includes bibliographical references and index
650 ## - SUBJECT ADDED ENTRY--TOPICAL TERM
Topical term or geographic name as entry element Artificial intelligence
700 ## - ADDED ENTRY--PERSONAL NAME
Personal name Knight, Kevin
700 ## - ADDED ENTRY--PERSONAL NAME
Personal name Nair, Shivashankar B.
942 ## - ADDED ENTRY ELEMENTS (KOHA)
Source of classification or shelving scheme Dewey Decimal Classification
Item type English Books
Call number suffix RIC
Classification part 006.3
Holdings
Withdrawn status Lost status Source of classification or shelving scheme Damaged status Not for loan Collection code Home library Current library Date acquired Source of acquisition Cost, normal purchase price Total Checkouts Full call number Barcode Date last seen Copy number Cost, replacement price Koha item type
    Dewey Decimal Classification   Not For Loan Non-fiction D.B.Act.Division D.B.Act.Division 24/11/2008 DBAD / PUb 299.00   006.3 RIC EN-75302 24/11/2008 1 299.00 English Books

© Delhi Public Library
Hit Counter
free hit counter